Fundamentals of engineering drawing VOL 2nd (Record no. 8087)
[ view plain ]
| 000 -LEADER | |
|---|---|
| fixed length control field | 00283nam a2200109Ia 4500 |
| 008 - FIXED-LENGTH DATA ELEMENTS--GENERAL INFORMATION | |
| fixed length control field | 191201s2013 xx 000 0 und d |
| 100 ## - MAIN ENTRY--PERSONAL NAME | |
| Personal name | DHIMAN,KK |
| 245 #0 - TITLE STATEMENT | |
| Title | Fundamentals of engineering drawing VOL 2nd |
| 260 ## - PUBLICATION, DISTRIBUTION, ETC. (IMPRINT) | |
| Date of publication, distribution, etc | 2013 |
| Name of publisher, distributor, etc | NORTH PUB. |
| Place of publication, distribution, etc | NEW DELHI |
| 300 ## - PHYSICAL DESCRIPTION | |
| Extent | 192 |
| 942 ## - ADDED ENTRY ELEMENTS (KOHA) | |
| Source of classification or shelving scheme | Dewey Decimal Classification |
| Koha item type | Text Books |
| 942 ## - ADDED ENTRY ELEMENTS (KOHA) | |
| -- | 4 |
| Withdrawn status | Lost status | Source of classification or shelving scheme | Damaged status | Not for loan | Collection code | Home library | Current library | Date acquired | Source of acquisition | Cost, normal purchase price | Bill Number | Total Checkouts | Acc. no. / Barcode | Checked out | Date last seen | Date last borrowed | Bill Date | Koha item type | Public note | Full call number |
|---|---|---|---|---|---|---|---|---|---|---|---|---|---|---|---|---|---|---|---|---|
| Dewey Decimal Classification | Diploma in Mechanical | PIET C-LIBRARY | PIET C-LIBRARY | 08/02/2013 | Shree prime Books | 160.00 | 1501 | 1 | DE661 | 10/11/2020 | 27/10/2020 | 27/10/2020 | 08/02/2013 | Text Books | ||||||
| Dewey Decimal Classification | Diploma in Mechanical | PIET C-LIBRARY | PIET C-LIBRARY | 08/02/2013 | Shree prime Books | 160.00 | 1501 | 1 | DE662 | 19/01/2022 | 06/11/2020 | 08/02/2013 | Text Books | Price Paid | ||||||
| Dewey Decimal Classification | Diploma in Mechanical | PIET C-LIBRARY | PIET C-LIBRARY | 08/02/2013 | Shree prime Books | 160.00 | 1501 | DE663 | 04/12/2019 | 08/02/2013 | Text Books | 604.2 DHF | ||||||||
| Dewey Decimal Classification | Diploma in Mechanical | PIET C-LIBRARY | PIET C-LIBRARY | 08/02/2013 | Shree prime Books | 160.00 | 1501 | 1 | DE664 | 10/11/2020 | 27/10/2020 | 27/10/2020 | 08/02/2013 | Text Books | ||||||
| Dewey Decimal Classification | Diploma in Mechanical | PIET C-LIBRARY | PIET C-LIBRARY | 08/02/2013 | Shree prime Books | 160.00 | 1501 | DE665 | 04/12/2019 | 08/02/2013 | Text Books | 604.2 DHF | ||||||||
| Dewey Decimal Classification | Diploma in Mechanical | PIET C-LIBRARY | PIET C-LIBRARY | 08/02/2013 | Shree prime Books | 160.00 | 1501 | DE666 | 04/12/2019 | 08/02/2013 | Text Books | 604.2 DHF | ||||||||
| Dewey Decimal Classification | Diploma in Mechanical | PIET C-LIBRARY | PIET C-LIBRARY | 08/02/2013 | Shree prime Books | 160.00 | 1501 | 1 | DE667 | 29/10/2025 | 06/10/2025 | 08/02/2013 | Text Books | 604.2 DHF | ||||||
| Dewey Decimal Classification | Diploma in Mechanical | PIET C-LIBRARY | PIET C-LIBRARY | 08/02/2013 | Shree prime Books | 160.00 | 1501 | 2 | DE668 | 09/02/2026 | 06/02/2026 | 08/02/2013 | Text Books | 604.2 DHF | ||||||
| Dewey Decimal Classification | Diploma in Mechanical | PIET C-LIBRARY | PIET C-LIBRARY | 08/02/2013 | Shree prime Books | 160.00 | 1501 | 2 | DE669 | 22/07/2024 | 19/07/2024 | 08/02/2013 | Text Books | 604.2 DHF | ||||||
| Dewey Decimal Classification | Diploma in Mechanical | PIET C-LIBRARY | PIET C-LIBRARY | 08/02/2013 | Shree prime Books | 160.00 | 1501 | DE670 | 04/12/2019 | 08/02/2013 | Text Books | 604.2 DHF |